000 00455nam a22001697a 4500
003 NUST - PNEC
005 20170116180835.0
008 150804b xxu||||| |||| 00| 0 eng d
020 _a0878915079
040 _cLIBRARY
082 _a530.076 RES
100 _94890
_aResearch and Education Association
245 _aThe physics problem solver
_cAssociation Education and Research
260 _cc 1976
650 _94894
_aPhysics
_x-
942 _2ddc
_cBK
999 _c64172
_d64172